000 00578nam a22001937a 4500
999 _c10774
_d10774
003 AR-CdUCM
008 190401b ||||| |||| 00| 0 spa d
040 _aMUNICIPALIDAD PROVINCIAL DEL CUSCO
_cBIBLIOTECA MUNICIPAL DEL CUSCO
082 _aES / 848.9 /
_bS17
100 _aSaint-Exupery, Antoine de
_914004
245 _aAukillu /
260 _aCusco :
_bGamjor ediciones,
_c2012.
300 _a114 paginas ;
_c19 cm.
505 _aContenido :Aukillu.
650 _aLiteratura contemporánea
_9759
650 _aIdioma quechua
_927790
942 _2ddc
_cLIBROS
945 _arum